000 00679nam a2200229Ia 4500
008 160517s9999 xx 000 0 und d
050 _aP 91.3
050 _b.Sa117 2016
100 _aSablan, Michaella P.
245 3 _aAn analysis of selected Filipino interfaith couples' communication strategies in Metro Manila /
245 _cMichaella P. Sablan.
260 _aLas PiƱas, Philippines :
260 _bSISC,
260 _c2016.
300 _a52 pages :
300 _billustrations ;
300 _c28 cm.
500 _aIncludes bibliographical references and appendices.
521 _aMass Communication
650 _aCommunication strategies.
942 _cTH
999 _c293895
_d293895